Music Quiz

Random Music or Clickable Quiz
Score 0/28 Timer 05:00
6 Plays Today
% Correct
Like a Virgin
96.9%
Material Girl
94.4%
Like a Prayer
93.3%
Vogue
91.5%
Umbrella
89.4%
Roar
85.7%
Get the Party Started
84.9%
Time After Time
84.8%
Disturbia
83.5%
Diamonds
83.3%
True Colors
80%
Raise Your Glass
78.9%
So What
78.1%
Just Give Me a Reason
73.5%
% Correct
La Isla Bonita
73.4%
Downtown
71.6%
We Found Love
71.4%
SOS
71.2%
Lucky Star
66.7%
Work
64.5%
Don't Sleep In The Subway
64.5%
Music
62%
It's Too Late/I Feel the Earth Move
61.6%
Most Girls
50.2%
I Know a Place
48.6%
She Bop
47.3%
Jazzman
44.5%
This Is My Song
36.4%
Remove Ads.
Support Sporcle.
Get the best of Sporcle when you Go Orange. This ad-free experience offers more features, more stats, and more fun while also helping to support Sporcle. Thank you for becoming a member.

You're not logged in!

Compare scores with friends on all Sporcle quizzes.
OR
Log In

Sporcle TV

Today on Sporcle TV


Watch our educational content, quiz creation guides, and fun videos on Sporcle TV.

Show Comments

Extras

Top Quizzes Today


Score Distribution

Paid Content

Your Account Isn't Verified!

In order to create a playlist on Sporcle, you need to verify the email address you used during registration. Go to your Sporcle Settings to finish the process.

Report this User

Report this user for behavior that violates our Community Guidelines.

Details: